Dynamika literárnych systémov (vývinové tendencie francúzskej literatúry v 19. storočí)

Gespeichert in:
Bibliographische Detailangaben
1. Verfasser: Povchanič, Štefan
Körperschaft: Ekonomická univerzita v Bratislave. Fakulta aplikovaných jazykov
Weitere Verfasser: Malinovská, Zuzana, Lapšanský, Ladislav
Format: Buch
Sprache:Slowakisch
Veröffentlicht: Bratislava Vydavateľstvo EKONÓM 2013
Ausgabe:2. preprac. vyd.
Schlagworte:
Tags: Tag hinzufügen
Keine Tags, Fügen Sie das erste Tag hinzu!

MARC

LEADER 00000nam a2200000 4500
001 0173690
005 20240502072947.8
020 |a 978-80-225-3619-6 
041 0 |a slo 
044 |a SK 
245 1 0 |a Dynamika literárnych systémov  |b (vývinové tendencie francúzskej literatúry v 19. storočí)  |c Štefan Povchanič ; vedeckí recenzenti: Zuzana Malinovská, Ladislav Lapšanský 
250 |a 2. preprac. vyd. 
264 1 |a Bratislava  |b Vydavateľstvo EKONÓM  |c 2013 
300 |a 201 s. [10,34 AH] 
500 |a Vychádza ako 1. zv. monografického radu FAJ EU v Bratislave 
610 2 0 |a literatúra 
610 2 0 |a Francúzsko 
610 2 0 |a umenie 
100 1 |a Povchanič, Štefan 
700 1 |a Malinovská, Zuzana 
700 1 |a Lapšanský, Ladislav 
710 2 |a Ekonomická univerzita v Bratislave. Fakulta aplikovaných jazykov